[Event "Znojemska rotunda 2002"]
[Site "?"]
[Date "2002.??.??"]
[Round "8"]
[White "Bastyr, Pavel"]
[Black "Mlensky, Dalibor"]
[Result "0-1"]
[WhiteElo "1518"]
[BlackElo "2095"]
[PlyCount "76"]

1. d4 d5 2. c4 dxc4 3. e4 e5 4. Nf3 exd4 5. Qxd4 Be6 6. Qxd8+ Kxd8 7. Be2 Bb4+
8. Nc3 Nf6 9. Bg5 Kc8 10. Bxf6 gxf6 11. O-O Bxc3 12. bxc3 Nc6 13. Nd4 Nxd4 14.
cxd4 b5 15. d5 Bd7 16. a4 Re8 17. f3 f5 18. axb5 Bxb5 19. Rfb1 Rb8 20. Rxa7
fxe4 21. fxe4 Rxe4 22. Bf3 Rd4 23. Rd1 Rxd1+ 24. Bxd1 Kd7 25. Kf2 Kd6 26. Ke3
Kxd5 27. Rxc7 Re8+ 28. Kd2 Kd4 29. Rxf7 c3+ 30. Kc1 Ra8 31. Kc2 Bd3+ 32. Kb3
Bc4+ 33. Kb4 Bxf7 34. Bc2 Rb8+ 35. Ka5 Bg6 36. Bd1 Rb1 37. Ba4 Ra1 38. Kb4
Rxa4+ 0-1

[Event "Znojemska rotunda 2002"]
[Site "?"]
[Date "2002.??.??"]
[Round "8"]
[White "Divis, Jan"]
[Black "Rulfova, Zuzana"]
[Result "1-0"]
[WhiteElo "1669"]
[BlackElo "1405"]
[PlyCount "45"]

1. d4 d5 2. Nf3 Nf6 3. e3 Bf5 4. Bd3 Bg6 5. Nbd2 e6 6. Qe2 Bd6 7. Bxg6 fxg6 8.
Qb5+ c6 9. Qa4 Qc8 10. a3 Na6 11. Ne5 Bxe5 12. dxe5 Nd7 13. Nf3 O-O 14. b3 Nac5
15. Qd4 Ne4 16. O-O c5 17. Qd3 Qd8 18. Bb2 Ng5 19. Nxg5 Qxg5 20. f4 Qf5 21.
Rae1 Qh5 22. Rf3 g5 23. Rh3 1-0

[Event "Znojemska rotunda 2002"]
[Site "?"]
[Date "2002.??.??"]
[Round "8"]
[White "Svoboda, Jiri"]
[Black "Petlak, Josef jr"]
[Result "1/2-1/2"]
[WhiteElo "1853"]
[BlackElo "1525"]
[PlyCount "31"]

1. d4 d5 2. c4 dxc4 3. Nc3 Nf6 4. e4 e6 5. Nf3 b6 6. Bxc4 Bb7 7. Bg5 Be7 8. Qc2
Nbd7 9. O-O c5 10. e5 Ng4 11. Bxe7 Qxe7 12. Nb5 O-O 13. Nd6 Bxf3 14. gxf3 Qh4
15. fxg4 Qxg4+ 16. Kh1 1/2-1/2

[Event "Znojemska rotunda 2002"]
[Site "?"]
[Date "2002.??.??"]
[Round "9"]
[White "Skaroupka, Jiri"]
[Black "Sochor, Stanislav"]
[Result "1-0"]
[WhiteElo "2059"]
[BlackElo "2056"]
[PlyCount "49"]

1. Nf3 d5 2. g3 c5 3. Bg2 Nc6 4. O-O Nf6 5. d3 e6 6. Nbd2 Be7 7. e4 O-O 8. e5
Nd7 9. Re1 Qc7 10. Qe2 b5 11. Nf1 a5 12. h4 b4 13. Bf4 Ba6 14. Ne3 Nb6 15. h5
h6 16. Ng4 Kh7 17. Qd2 Rh8 18. a3 Bb5 19. c3 bxa3 20. bxa3 c4 21. d4 Ba4 22.
Nfh2 Qd8 23. Nf3 Qf8 24. Qc1 Na7 25. Qb1+ 1-0

[Event "Znojemska rotunda 2002"]
[Site "?"]
[Date "2002.??.??"]
[Round "9"]
[White "Pokorny, Jan"]
[Black "Svoboda, Jiri"]
[Result "0-1"]
[WhiteElo "1690"]
[BlackElo "1853"]
[PlyCount "60"]

1. e4 Nf6 2. e5 Nd5 3. d4 d6 4. exd6 exd6 5. Nc3 Nf6 6. Bd3 d5 7. Nge2 c6 8.
Bf4 Be7 9. O-O O-O 10. Ng3 Re8 11. Qd2 g6 12. Rae1 b6 13. Nd1 Ba6 14. f3 c5 15.
c3 Bxd3 16. Qxd3 cxd4 17. cxd4 Nc6 18. a3 Nd7 19. Nc3 Nf8 20. Qb5 Nxd4 21. Qxd5
Bc5 22. Kh1 Nfe6 23. Bg5 Qxg5 24. Nge4 Qxd5 25. Nxd5 Red8 26. b4 Bd6 27. Rc1
Be5 28. Ne7+ Kf8 29. Nc6 Nxc6 30. Rxc6 Rac8 0-1

[Event "Znojemska rotunda 2002"]
[Site "?"]
[Date "2002.??.??"]
[Round "9"]
[White "Petlak, Josef jr"]
[Black "Svoboda, Antonin"]
[Result "0-1"]
[WhiteElo "1525"]
[BlackElo "1861"]
[PlyCount "86"]

1. e4 c5 2. g3 Nc6 3. Bg2 Nf6 4. d3 d5 5. Nd2 e5 6. Ne2 Bg4 7. O-O Qd7 8. c3
Bh3 9. Qb3 Bxg2 10. Kxg2 c4 11. Qc2 cxd3 12. Qxd3 dxe4 13. Qxd7+ Kxd7 14. Rd1
Kc7 15. Nb3 Be7 16. h3 Rad8 17. Be3 Nd5 18. Bc5 Bg5 19. a3 b6 20. c4 bxc5 21.
cxd5 Nd4 22. Nbxd4 exd4 23. b4 d3 24. Nc3 Bf6 25. Rac1 Bxc3 26. Rxc3 Rxd5 27.
Rxc5+ Rxc5 28. bxc5 Kc6 29. Kf1 Rb8 30. Ke1 Rb2 31. Ra1 a5 32. g4 a4 33. h4
Kxc5 34. Rc1+ Rc2 35. Rb1 Kc4 36. Rb4+ Kc3 37. Rb1 f6 38. h5 g6 39. hxg6 hxg6
40. Kf1 d2 41. Rd1 Rc1 42. Ke2 Rxd1 43. Kxd1 Kd3 0-1

[Event "Znojemska rotunda 2002"]
[Site "?"]
[Date "2002.??.??"]
[Round "9"]
[White "Rulfova, Zuzana"]
[Black "Spilka, Jaroslav"]
[Result "0-1"]
[WhiteElo "1405"]
[BlackElo "1374"]
[PlyCount "82"]

1. e4 e6 2. Nc3 c6 3. d4 g6 4. Nf3 Bg7 5. Bf4 d5 6. Bd3 Qb6 7. Na4 Qd8 8. O-O
Nd7 9. b3 b5 10. Nb2 f6 11. c4 a6 12. Re1 bxc4 13. bxc4 Ne7 14. Rc1 O-O 15. e5
f5 16. Ng5 Nb8 17. Na4 h6 18. Nf3 Nd7 19. Qd2 Kh7 20. Rb1 Rb8 21. c5 Ng8 22.
Rb2 Rxb2 23. Qxb2 g5 24. Bd2 Kh8 25. h3 Rf7 26. Bb1 Bf8 27. Qc2 Rg7 28. Kh2 g4
29. Ng1 h5 30. Bf4 h4 31. Re3 Rg6 32. Qe2 Qa5 33. Nc3 Bh6 34. Bxh6 Nxh6 35. Qd3
Qd8 36. Nce2 Qg5 37. Qc3 gxh3 38. Ng3 Ng4+ 39. Kh1 Nxf2+ 40. Kh2 Ng4+ 41. Kxh3
Nxe3 0-1

[Event "Znojemska rotunda 2002"]
[Site "?"]
[Date "2002.??.??"]
[Round "9"]
[White "Tejkal, Jiri"]
[Black "Dobes, Oldrich"]
[Result "1/2-1/2"]
[WhiteElo "2053"]
[BlackElo "2024"]
[PlyCount "44"]

1. d4 Nf6 2. Nf3 e6 3. Bf4 b6 4. e3 Bb7 5. Be2 Be7 6. h3 O-O 7. O-O d6 8. c4
Nbd7 9. Nc3 Ne4 10. Nxe4 Bxe4 11. Bd3 Bxd3 12. Qxd3 Bf6 13. Rad1 Qe7 14. Bh2 e5
15. Nd2 g6 16. f4 exd4 17. exd4 Rae8 18. Rde1 Qd8 19. Ne4 Bg7 20. b3 Nf6 21.
Ng3 Rxe1 22. Rxe1 Re8 1/2-1/2

[Event "Znojemska rotunda 2002"]
[Site "?"]
[Date "2002.??.??"]
[Round "9"]
[White "Doeekal, Jan"]
[Black "Petlak, Josef sr"]
[Result "1/2-1/2"]
[WhiteElo "1925"]
[BlackElo "1959"]
[PlyCount "48"]

1. Nf3 d5 2. d4 Nf6 3. g3 e6 4. Bg2 b6 5. O-O Be7 6. Re1 Bb7 7. Nbd2 O-O 8. Ne5
Nbd7 9. Nxd7 Nxd7 10. e4 Re8 11. c3 c5 12. e5 Qc7 13. f4 cxd4 14. cxd4 Rec8 15.
a3 Qc2 16. Qg4 Qd3 17. Nf3 Rc2 18. Bf1 Qg6 19. Qxg6 hxg6 20. Bd3 Rc7 21. Bd2
Rac8 22. Bb4 Kf8 23. Kf2 Nb8 24. Bxe7+ Kxe7 1/2-1/2

[Event "Znojemska rotunda 2002"]
[Site "?"]
[Date "2002.??.??"]
[Round "9"]
[White "Adam, Petr sr"]
[Black "Vlk, Miroslav"]
[Result "1/2-1/2"]
[WhiteElo "2108"]
[BlackElo "2160"]
[PlyCount "131"]

1. e4 e6 2. Nf3 d5 3. e5 c5 4. g3 Nc6 5. Bg2 Qc7 6. Qe2 f6 7. exf6 Nxf6 8. O-O
Bd6 9. Nc3 Qe7 10. d4 cxd4 11. Nb5 Bb8 12. Nbxd4 O-O 13. c4 e5 14. Nxc6 bxc6
15. cxd5 cxd5 16. Bg5 Bb7 17. Rfe1 e4 18. Nh4 Bc7 19. f3 Bb6+ 20. Kh1 Rae8 21.
fxe4 dxe4 22. Be3 Qb4 23. a3 Qb3 24. Nf5 Rd8 25. Bxb6 Qxb6 26. Qe3 Qxe3 27.
Nxe3 Rd2 28. b4 Rc8 29. Rac1 Rcd8 30. Rcd1 Rxd1 31. Rxd1 Rxd1+ 32. Nxd1 Kf7 33.
Kg1 Ke6 34. Ne3 Ke5 35. Kf2 Kd4 36. Nf5+ Kd3 37. Bf1+ Kd2 38. Ne3 Kc3 39. b5
Kb3 40. Nc4 Ng4+ 41. Ke1 Bd5 42. Na5+ Kxa3 43. Nc6 Nxh2 44. Be2 Nf3+ 45. Kf2
Kb3 46. Nxa7 Kb4 47. Nc8 Nd4 48. Ne7 Bb7 49. b6 Kc5 50. Ke3 Nxe2 51. Kxe2 Kxb6
52. Ke3 Kc5 53. Nf5 g6 54. Nh6 Kd6 55. Kf4 Ke6 56. g4 Kd5 57. g5 Kd4 58. Ng4
Bc8 59. Ne3 Bh3 60. Nc2+ Kc3 61. Ne3 Kd3 62. Nd5 Bf5 63. Ne3 Ke2 64. Nd5 Kf2
65. Ne3 Kg1 66. Kg3 1/2-1/2

[Event "Znojemska rotunda 2002"]
[Site "?"]
[Date "2002.??.??"]
[Round "9"]
[White "Jelen, Jiri"]
[Black "Valenta, Vit"]
[Result "0-1"]
[WhiteElo "1995"]
[BlackElo "2075"]
[PlyCount "104"]

1. d4 Nf6 2. c4 g6 3. Nc3 Bg7 4. e4 d6 5. Nf3 O-O 6. Be2 e5 7. O-O Nc6 8. Be3
Ng4 9. Bg5 Bf6 10. Bxf6 Nxf6 11. dxe5 dxe5 12. Re1 Bg4 13. Ng5 Bd7 14. Qd2 Nd4
15. Rad1 c5 16. h3 Bc6 17. Bf1 Nh5 18. Nf3 Nxf3+ 19. gxf3 Qf6 20. Qe3 b6 21.
Rd2 Rad8 22. Red1 Rd4 23. Ne2 Rxd2 24. Rxd2 Rd8 25. Rd3 Kg7 26. Rxd8 Qxd8 27.
f4 exf4 28. Nxf4 Qg5+ 29. Ng2 Qe5 30. Bd3 Qxb2 31. Nh4 Qf6 32. Nf3 Qf4 33. Qxf4
Nxf4 34. Ne5 Bb7 35. Bc2 Nxh3+ 36. Kg2 Ng5 37. f3 Ne6 38. Kg3 Nd4 39. Ba4 Kf6
40. Ng4+ Ke7 41. Nf2 Ne2+ 42. Kh4 Nd4 43. f4 a6 44. Kg5 h5 45. f5 gxf5 46. exf5
f6+ 47. Kxh5 Nxf5 48. Bc2 Ne3 49. Bd3 Ke6 50. Kg6 Ke5 51. Be2 Be4+ 52. Kf7 Bb1
0-1

[Event "Znojemska rotunda 2002"]
[Site "?"]
[Date "2002.??.??"]
[Round "9"]
[White "Dvorak, Tomas"]
[Black "Fojtik, Tomas"]
[Result "1-0"]
[WhiteElo "2300"]
[BlackElo "2107"]
[PlyCount "81"]

1. e4 e6 2. d4 d5 3. Nc3 Nf6 4. e5 Nfd7 5. Nce2 c5 6. c3 Nc6 7. f4 b5 8. Nf3
Qb6 9. a3 a5 10. g3 Ba6 11. Bh3 g6 12. O-O cxd4 13. cxd4 b4 14. Rf2 Be7 15. g4
h5 16. gxh5 Rxh5 17. Bg4 Rh8 18. a4 Rc8 19. b3 Kd8 20. Bb2 Bh4 21. Ng3 Ne7 22.
Rc1 Nb8 23. Rfc2 Rxc2 24. Rxc2 Nf5 25. Bxf5 exf5 26. Rc5 Bb7 27. Nf1 Be7 28.
Rb5 Qa7 29. Ne3 Bc6 30. Rxd5+ Bxd5 31. Nxd5 Qb7 32. Nxe7 Kxe7 33. d5 Rc8 34.
Qd3 Nd7 35. d6+ Ke8 36. e6 fxe6 37. Ng5 Nc5 38. Qd4 Qc6 39. Qf6 Qxd6 40. Qf7+
Kd8 41. Bf6+ 1-0

[Event "Znojemska rotunda 2002"]
[Site "?"]
[Date "2002.??.??"]
[Round "9"]
[White "Parak, Dominik"]
[Black "Divis, Jan"]
[Result "1-0"]
[WhiteElo "1978"]
[BlackElo "1669"]
[PlyCount "87"]

1. e4 g6 2. d4 Bg7 3. Nf3 d6 4. c4 Nf6 5. Nc3 O-O 6. Be2 c5 7. d5 Bg4 8. O-O
Nbd7 9. h3 Bxf3 10. Bxf3 Ne8 11. Qc2 a6 12. Be3 Qc7 13. Qd2 Rb8 14. a4 Ne5 15.
Be2 f6 16. f4 Nf7 17. h4 Qd7 18. h5 f5 19. hxg6 hxg6 20. exf5 gxf5 21. Rf3 Nh6
22. Bf2 Nf6 23. Bd3 Nfg4 24. Qc2 Nxf2 25. Kxf2 Rf6 26. Rh1 Ng4+ 27. Ke1 Rbf8
28. Ne2 e5 29. dxe6 Qxe6 30. Kd2 Re8 31. Qb3 Qe7 32. Nc3 Re6 33. Bxf5 Re2+ 34.
Nxe2 Qxe2+ 35. Kc1 Re3 36. Rxe3 Nxe3 37. Bh7+ Kf8 38. Qxb7 Qxc4+ 39. Kb1 Qd4
40. Bg6 Qxf4 41. Qc8+ Ke7 42. Qe8+ Kf6 43. Qf7+ Kg5 44. Qxg7 1-0

[Event "Znojemska rotunda 2002"]
[Site "?"]
[Date "2002.??.??"]
[Round "9"]
[White "Holemar, David"]
[Black "Most, Zdenek"]
[Result "1-0"]
[WhiteElo "2284"]
[BlackElo "2118"]
[PlyCount "78"]

1. d4 Nf6 2. c4 g6 3. Nc3 Bg7 4. e4 d6 5. f4 O-O 6. Nf3 c5 7. d5 Na6 8. Bd3 Nc7
9. O-O a6 10. a4 b6 11. e5 Nfe8 12. Qe2 Rb8 13. f5 dxe5 14. fxg6 fxg6 15. Nxe5
Rxf1+ 16. Kxf1 Bxe5 17. Qxe5 Qd6 18. Bf4 Qxe5 19. Bxe5 Nd6 20. Re1 Bd7 21. Kg1
Rf8 22. Bg3 Rf7 23. b3 Nce8 24. a5 bxa5 25. Bf2 Nb7 26. Ne4 Bf5 27. Nxc5 Bxd3
28. Nxd3 Ned6 29. c5 Nb5 30. Ne5 Rxf2 31. Kxf2 Nxc5 32. Re3 Nd4 33. Nc6 Ndxb3
34. Rxe7 a4 35. Nb4 a3 36. Na2 Nd4 37. d6 Kf8 38. Rxh7 Ke8 39. g4 39... a5 {
Time} 1-0

[Event "Znojemska rotunda 2002"]
[Site "?"]
[Date "2002.??.??"]
[Round "9"]
[White "Dvorak, Libor"]
[Black "Blazkova, Petra"]
[Result "0-1"]
[WhiteElo "2046"]
[BlackElo "2132"]
[PlyCount "66"]

1. Nf3 Nf6 2. c4 g6 3. g3 Bg7 4. Bg2 O-O 5. O-O d5 6. d3 Nc6 7. Nbd2 a5 8. Rb1
Nb4 9. a3 Na2 10. Qc2 c6 11. b4 Nxc1 12. Rfxc1 axb4 13. axb4 dxc4 14. Nxc4 Nd5
15. Qb3 Be6 16. Ng5 Bg4 17. Rc2 Nc7 18. h3 Bc8 19. Nb6 Ra6 20. Nxc8 Qxc8 21.
Ne4 Nb5 22. e3 Ra3 23. Qc4 Ra8 24. Qxb5 cxb5 25. Rxc8 Raxc8 26. Nc5 b6 27. Nd7
Rfd8 28. Nxb6 Rc2 29. d4 e5 30. d5 Bf8 31. Bf1 Rc7 32. Ra1 Rb7 33. Ra6 Rd6 0-1